[Event "GER-chT U20"]
[Site "Willingen"]
[Date "2021.06.27"]
[Round "7"]
[White "Ortmeier, Leonhard"]
[Black "Kueppers, Timo"]
[Result "0-1"]
[WhiteElo "2290"]
[BlackElo "2287"]
[PlyCount "64"]
[EventDate "2021.06.24"]
[EventType "team-swiss"]
[EventRounds "7"]
[EventCountry "GER"]
[SourceTitle "CBM 203 Extra"]
[Source "ChessBase"]
[SourceDate "2021.09.30"]
[SourceVersion "1"]
[SourceVersionDate "2021.09.30"]
[SourceQuality "1"]
[WhiteTeam "Muenster"]
[BlackTeam "Essen Katernberg"]
[WhiteTeamCountry "GER"]
[BlackTeamCountry "GER"]

1. Nf3 c5 2. g3 Nc6 3. Bg2 g6 4. 0-0 Bg7 5. d3 d6 6. e4 e5 7. Nc3 Nge7 8. Nh4 0-0 9. f4 exf4 10. Bxf4 h6 11. Be3 Be6 12. Qd2 Kh7 13. Rae1 Qd7 14. Kh1 Rad8 15. b3 Bh3 16. Ne2 Bxg2+ 17. Nxg2 f5 18. exf5 Nxf5 19. Bg1 Ne5 20. Nef4 Rde8 21. Ne3 Nd4 22. Qg2 Nef3 23. Rd1 Nxg1 24. Qxg1 Qc6+ 25. Nfg2 Nf3 26. Qf2 Bd4 27. Qe2 Bxe3 28. Nxe3 Nd2+ 29. Kg1 Nf3+ 30. Kh1 Rxe3 31. Qxe3 Ng5+ 32. Kg1 Nh3# 0-1

[Event "Erfurt op-A 29th"]
[Site "Erfurt"]
[Date "2019.12.29"]
[Round "6"]
[White "Nothnagel, Marian Can"]
[Black "Ortmeier, Leonhard"]
[Result "1/2-1/2"]
[WhiteElo "2369"]
[BlackElo "2208"]
[PlyCount "48"]
[EventDate "2019.12.26"]
[EventType "swiss"]
[EventRounds "8"]
[EventCountry "GER"]
[SourceTitle "CBM 194 Extra"]
[Source "ChessBase"]
[SourceDate "2020.03.31"]
[SourceVersion "1"]
[SourceVersionDate "2020.03.31"]
[SourceQuality "1"]

1. e4 c5 2. d4 cxd4 3. c3 dxc3 4. Nxc3 Nc6 5. Nf3 d6 6. Bc4 a6 7. 0-0 Nf6 8. Bf4 e6 9. Qe2 Be7 10. Rfd1 Nh5 11. Be3 Qa5 12. Nd5 exd5 13. Rxd5 b5 14. Rxh5 Bg4 15. Bd5 Rc8 16. Bxc6+ Rxc6 17. Rd5 0-0 18. Rd2 Rfc8 19. h3 Bxf3 20. Qxf3 Bf6 21. a3 Rc2 22. Rad1 Be5 23. Rxc2 Rxc2 24. Bf4 Qc7 1/2-1/2

[Event "Erfurt op-A 29th"]
[Site "Erfurt"]
[Date "2019.12.29"]
[Round "7"]
[White "Ortmeier, Leonhard"]
[Black "Paul, Johannes"]
[Result "0-1"]
[WhiteElo "2208"]
[BlackElo "2374"]
[PlyCount "82"]
[EventDate "2019.12.26"]
[EventType "swiss"]
[EventRounds "8"]
[EventCountry "GER"]
[SourceTitle "CBM 194 Extra"]
[Source "ChessBase"]
[SourceDate "2020.03.31"]
[SourceVersion "1"]
[SourceVersionDate "2020.03.31"]
[SourceQuality "1"]

1. Nf3 Nf6 2. c4 g6 3. g3 Bg7 4. Bg2 0-0 5. d4 d6 6. Nc3 Nc6 7. 0-0 a6 8. Qd3 e5 9. dxe5 dxe5 10. Qxd8 Rxd8 11. Bg5 Be6 12. Nd2 Nd4 13. Rfd1 h6 14. Bxf6 Bxf6 15. e3 Nc2 16. Rab1 Bg4 17. Rdc1 Nb4 18. Bxb7 Rab8 19. Nd5 Bg7 20. Ne4 Rxb7 21. Ndf6+ Kh8 22. Nxg4 f5 23. Nc5 Rb6 24. a3 Nd3 25. Rd1 e4 26. f3 fxg4 27. fxe4 Rbd6 28. Nb7 Nxb2 29. Rxd6 Rxd6 30. Nxd6 cxd6 31. Rc1 Na4 32. Rb1 Nc5 33. Rb6 Be5 34. Rc6 Kg7 35. Rb6 Kf6 36. Kg2 Ke6 37. Rb1 Nxe4 38. Rb6 Nc5 39. Rb1 a5 40. Rb5 a4 41. Rb4 Kf5 0-1

[Event "GER-ch U25-A"]
[Site "Willingen"]
[Date "2019.06.09"]
[Round "1"]
[White "Ortmeier, Leonhard"]
[Black "Gallasch, Robin"]
[Result "1/2-1/2"]
[WhiteElo "2140"]
[BlackElo "1889"]
[PlyCount "102"]
[EventDate "2019.06.08"]
[EventType "swiss"]
[EventRounds "9"]
[EventCountry "GER"]
[SourceTitle "CBM 191 Extra"]
[Source "ChessBase"]
[SourceDate "2019.09.30"]
[SourceVersion "1"]
[SourceVersionDate "2019.09.30"]
[SourceQuality "1"]

1. Nf3 d5 2. c4 d4 3. b4 e6 4. Bb2 c5 5. d3 Nf6 6. g3 Bd6 7. Bg2 Nc6 8. bxc5 Bxc5 9. Nbd2 0-0 10. 0-0 e5 11. Nb3 Be7 12. Rc1 a5 13. Nbd2 Nd7 14. Ne1 Nc5 15. Nc2 Re8 16. Ba3 Ne6 17. Rb1 Bxa3 18. Nxa3 f5 19. Nb5 a4 20. Qc1 Qe7 21. Qa3 Nc5 22. Nc7 Qxc7 23. Qxc5 Qe7 24. Qxe7 Rxe7 25. Rb5 Kf7 26. Rfb1 Kf6 27. Rb6 Re6 28. Bd5 Rd6 29. f4 exf4 30. gxf4 Ke7 31. Nf3 Kd7 32. Bxc6+ bxc6 33. Ne5+ Kc7 34. c5 Re6 35. R6b4 Ra5 36. Rc1 g5 37. Kf2 gxf4 38. Nf3 Rh6 39. Rxd4 Be6 40. Rd6 Rg6 41. Ne5 Rxc5 42. Rxe6 Rxc1 43. Nxg6 hxg6 44. Rxg6 Rh1 45. Rh6 Ra1 46. h4 Rxa2 47. Rh7+ Kd6 48. h5 Ra1 49. h6 Rh1 50. Ra7 Rxh6 51. Rxa4 Re6 1/2-1/2

[Event "GER-ch U18"]
[Site "Willingen"]
[Date "2018.05.21"]
[Round "3"]
[White "Maetzkow, Maximilian Paul"]
[Black "Ortmeier, Leonhard"]
[Result "1/2-1/2"]
[WhiteElo "2171"]
[BlackElo "2141"]
[PlyCount "89"]
[EventDate "2018.05.19"]
[EventType "swiss"]
[EventRounds "9"]
[EventCountry "GER"]
[SourceTitle "CBM 184 Extra"]
[Source "ChessBase"]
[SourceDate "2018.06.28"]
[SourceVersion "1"]
[SourceVersionDate "2018.06.28"]
[SourceQuality "1"]

1. e4 c5 2. Nf3 d6 3. Bb5+ Nd7 4. 0-0 a6 5. Bd3 Ngf6 6. Re1 e6 7. c3 Be7 8. Bc2 0-0 9. d4 b5 10. a4 Bb7 11. Qe2 Qc7 12. Nbd2 cxd4 13. Nxd4 bxa4 14. Bxa4 Nc5 15. Bc2 a5 16. N4b3 Nxb3 17. Nxb3 a4 18. Nd4 a3 19. Nb5 Qc6 20. Rxa3 Rxa3 21. Nxa3 d5 22. e5 d4 23. f3 Nd5 24. cxd4 Bb4 25. Bd2 Bxa3 26. Qd3 g6 27. bxa3 Ba6 28. Qe4 Qc4 29. Bd1 Qa2 30. Bb4 Rb8 31. Be2 Nxb4 32. axb4 Bxe2 33. Rxe2 Qa1+ 34. Re1 Qc3 35. Rd1 Rxb4 36. h4 h5 37. Kh2 Qb3 38. Rc1 Rb8 39. Rc7 Qb6 40. Rd7 Rd8 41. Rxd8+ Qxd8 42. Kh3 Kg7 43. g4 hxg4+ 44. fxg4 Qa5 45. Qe3 1/2-1/2

[Event "GER-ch U18"]
[Site "Willingen"]
[Date "2018.05.20"]
[Round "1"]
[White "Muckle, Julius"]
[Black "Ortmeier, Leonhard"]
[Result "1-0"]
[WhiteElo "2344"]
[BlackElo "2141"]
[PlyCount "113"]
[EventDate "2018.05.19"]
[EventType "swiss"]
[EventRounds "9"]
[EventCountry "GER"]
[SourceTitle "CBM 184 Extra"]
[Source "ChessBase"]
[SourceDate "2018.06.28"]
[SourceVersion "1"]
[SourceVersionDate "2018.06.28"]
[SourceQuality "1"]

1. d4 Nf6 2. c4 e6 3. Nc3 Bb4 4. e3 0-0 5. Bd3 d5 6. Nf3 c5 7. 0-0 dxc4 8. Bxc4 cxd4 9. exd4 b6 10. Bg5 Be7 11. d5 Nxd5 12. Bxd5 exd5 13. Bxe7 Qxe7 14. Re1 Qb7 15. Qxd5 Qxd5 16. Nxd5 Na6 17. Ne7+ Kh8 18. Nxc8 Raxc8 19. Re7 Rc7 20. Rae1 Kg8 21. Nd4 Rxe7 22. Rxe7 g6 23. Rxa7 Rd8 24. Rxa6 Rxd4 25. Kf1 Rd6 26. b4 Rd2 27. a4 Ra2 28. b5 Kg7 29. g3 h5 30. h4 Kh7 31. Ke1 Kg7 32. Kf1 Kh7 33. Kg2 Ra3 34. Kf1 Ra2 35. Ke1 Kg7 36. Kd1 f6 37. Ra7+ Kh6 38. Ke1 g5 39. hxg5+ Kxg5 40. Ra6 f5 41. Rxb6 Rxa4 42. Rb8 Kg4 43. Rg8+ Kf3 44. Rg5 Re4+ 45. Kd2 Re5 46. b6 Rb5 47. b7 Rb2+ 48. Kc3 Rxb7 49. Rxf5+ Ke2 50. Kd4 Re7 51. Kd5 Kf1 52. f4 Kf2 53. Rg5 h4 54. gxh4 Kf3 55. f5 Rh7 56. f6 Rxh4 57. f7 1-0

[Event "GER-ch U25-A"]
[Site "Willingen"]
[Date "2017.06.04"]
[Round "1"]
[White "Wenninger, Philipp"]
[Black "Ortmeier, Leonhard"]
[Result "1-0"]
[WhiteElo "2330"]
[BlackElo "1930"]
[PlyCount "59"]
[EventDate "2017.06.04"]
[EventType "swiss"]
[EventRounds "9"]
[EventCountry "GER"]
[SourceTitle "CBM 178 Extra"]
[Source "ChessBase"]
[SourceDate "2017.06.22"]
[SourceVersion "1"]
[SourceVersionDate "2017.06.22"]
[SourceQuality "1"]

1. Nf3 Nf6 2. d4 g6 3. c4 Bg7 4. Nc3 c5 5. d5 d6 6. e4 0-0 7. Bd3 e6 8. 0-0 exd5 9. exd5 a6 10. h3 Nbd7 11. Bf4 Qc7 12. Qd2 b6 13. Rfe1 Bb7 14. a4 Rab8 15. Re2 Rfe8 16. Rae1 Rxe2 17. Qxe2 Bf8 18. Qd2 Rd8 19. Bg5 Qb8 20. Qf4 Nh5 21. Qh4 Re8 22. Rxe8 Qxe8 23. g4 Ng7 24. Ne4 f5 25. Nf6+ Nxf6 26. Bxf6 fxg4 27. hxg4 Qd7 28. Ng5 Ne8 29. Bc3 Bc8 30. Bxg6 1-0

[Event "Steinfurt Bezirksliga 1617"]
[Site "Germany"]
[Date "2017.05.20"]
[Round "9.3"]
[White "Ortmeier, Leonhard"]
[Black "Schulz, Joachim"]
[Result "1-0"]
[WhiteElo "1866"]
[BlackElo "1898"]
[PlyCount "78"]
[EventDate "2016.09.24"]
[EventType "team"]
[EventRounds "9"]
[EventCountry "GER"]
[SourceTitle "EXT 2018"]
[Source "ChessBase"]
[SourceDate "2017.10.13"]
[SourceVersion "1"]
[SourceVersionDate "2017.10.13"]
[SourceQuality "1"]
[WhiteTeam "Emsdetten Rochade III"]
[BlackTeam "Steinfurt II"]
[WhiteTeamCountry "GER"]
[BlackTeamCountry "GER"]

1. e4 c5 2. Nf3 d6 3. d4 cxd4 4. Nxd4 Nf6 5. Nc3 a6 6. Bg5 Nbd7 7. f4 Qc7 8. Qf3 g6 9. 0-0-0 Bg7 10. g4 b5 11. Bg2 Bb7 12. Rhe1 Rc8 13. Re2 b4 14. Nd5 Qc4 15. Qb3 e5 16. fxe5 dxe5 17. Nxf6+ Nxf6 18. Qxc4 Rxc4 19. Nb3 0-0 20. Na5 Rc7 21. Nxb7 Rxb7 22. h3 a5 23. Rd6 Nd7 24. Be3 Rc8 25. Red2 Nf8 26. Ra6 Rb5 27. Bf1 Rbb8 28. Rxa5 Ne6 29. Rd7 Nd4 30. Bxd4 exd4 31. Raa7 b3 32. axb3 Rxb3 33. Rxf7 Bh6+ 34. Kb1 Re3 35. Bd3 Re1+ 36. Ka2 Bf8 37. Rxh7 Re3 38. h4 Rg3 39. g5 Re8 1-0

[Event "GER-chT U16"]
[Site "Neumarkt in der Oberpfalz"]
[Date "2016.12.27"]
[Round "1.1"]
[White "Ortmeier, Leonhard"]
[Black "Oberhofer, Cedric"]
[Result "0-1"]
[WhiteElo "1920"]
[BlackElo "2155"]
[PlyCount "50"]
[EventDate "2016.12.27"]
[EventType "team-swiss"]
[EventRounds "7"]
[EventCountry "GER"]
[SourceTitle "EXT 2018"]
[Source "ChessBase"]
[SourceDate "2017.10.13"]
[SourceVersion "1"]
[SourceVersionDate "2017.10.13"]
[SourceQuality "1"]
[WhiteTeam "Emsdetten Rochade"]
[BlackTeam "Regensburg Bavaria"]
[WhiteTeamCountry "GER"]
[BlackTeamCountry "GER"]

1. e4 c5 2. Nf3 d6 3. d4 cxd4 4. Nxd4 Nf6 5. Nc3 a6 6. Bg5 e6 7. f4 Nbd7 8. Qe2 Qc7 9. g4 b5 10. 0-0-0 Bb7 11. Bg2 h6 12. Bh4 g5 13. fxg5 hxg5 14. Bxg5 Rg8 15. h4 Be7 16. Rhf1 Rg6 17. Bxf6 Rxf6 18. Rxf6 Bxf6 19. g5 Be5 20. g6 b4 21. gxf7+ Ke7 22. Nb1 Rc8 23. Qf2 Nc5 24. h5 b3 25. a3 bxc2 0-1